| 000 | 00000nas##2200000za#4500 |
| 001 | 9.515487 |
| 003 | CaOODSP |
| 005 | 20200325132345 |
| 007 | ta |
| 008 | 150406c2001||||xxc|| p #||||f| |0eng|d |
| 040 | |aCaOODSP|beng |
| 043 | |an-cn--- |
| 086 | 1 |aNH12-52E |
| 110 | 1 |aCanada. |bCanada Mortgage and Housing Corporation. |bMarket Analysis Centre. |
| 245 | 10|aHousing now - Trois-Rivières |
| 260 | |aMontreal - Quebec : |bCanada Mortgage and Housing Corporation. |
| 310 | |aQuarterly |
| 500 | |aTitle from caption. |
| 563 | |aProcessed |
| 690 | 07|aDemography|2gcpds |
| 690 | 07|aHousing|2gcpds |
| 690 | 07|aMortgage loans|2gcpds |
| 690 | 07|aPrices|2gcpds |
| 775 | 08|tActualités habitation - Trois-Rivières |w(CaOODSP)9.513812 |
| 776 | 0#|tHousing now. |w(CaOODSP)9.504544 |